Heirs of the Roman Empire /

محفوظ في:

المؤلف الرئيسي: Sullivan, Richard E., 1921-2005 (مؤلف)

التنسيق: كتاب

اللغة: English

منشور في: Ithaca, N.Y., : Cornell University Press, [1960].

سلاسل: The Development of Western civilization.

الموضوعات:

الوسوم: إضافة وسم

لا توجد وسوم, كن أول من يضع وسما على هذه التسجيلة!

رقم الطلب: CB351 .S85 1960

LEADER 00735nam a22002531 4500
001 3940
003 OSt
005 20251117085714.0
008 130303s1960 nyu 000 0 eng d
010 |a 60050481 
015 |a GB61-4147 
029 1 |a UKM  |b b6104147 
035 |a ocm00390810 
040 |c ARCE Library 
050 4 |a CB351 .S85 1960 
100 1 |a Sullivan, Richard E.,   |q (Richard Eugene),   |d 1921-2005,   |e author 
245 1 0 |a Heirs of the Roman Empire /   |c Richard E. Sullivan. 
264 1 |a Ithaca, N.Y., :  |b Cornell University Press,  |c [1960]. 
300 |a 178 pages ;  |c 22 cm. 
490 0 |a The Development of Western civilization. 
650 0 |a Civilization, Medieval. 
901 |a reviewed 
942 |c BK  |2 lcc 
999 |c 3197  |d 3197